| 000 | 00435nam a2200145Ia 4500 | ||
|---|---|---|---|
| 041 | _aArabic | ||
| 082 | _a796.07 cut-296 ر | ||
| 100 | _a20260118u\\\\\\\\\\\y0engy0103\\\\ba | ||
| 100 | _aمحمود داود الربيعي | ||
| 245 | 0 | _aالاتجاهات الحديثة في تدريب التربية الرياضية | |
| 250 | _aط1 | ||
| 260 |
_bمطبعة المنارة _aاربيل _c2010 |
||
| 300 | _a368 | ||
| 942 | _cBk | ||
| 999 |
_c190484 _d190484 |
||